Credit Booms and Macroeconomic Dynamics : Stylized Facts and Lessons for Low-Income Countries /

Using a comprehensive database on bank credit, covering 135 developing countries over the period 1960-2011, we identify, document, and compare the macro-economic dynamics of credit booms across low- and middle-income countries. The results suggest that while the duration and magnitude of credit boom...

Ամբողջական նկարագրություն

Մատենագիտական մանրամասներ
Հիմնական հեղինակ: Arena, Marco
Այլ հեղինակներ: Bouza, Serpil, Dabla-Norris, Era, Gerling, Kerstin
Ձևաչափ: Ամսագիր
Լեզու:English
Հրապարակվել է: Washington, D.C. : International Monetary Fund, 2015.
Շարք:IMF Working Papers; Working Paper ; No. 2015/011
Առցանց հասանելիություն:Full text available on IMF
LEADER 02076cas a2200277 a 4500
001 AALejournalIMF014954
008 230101c9999 xx r poo 0 0eng d
020 |c 5.00 USD 
020 |z 9781484356869 
022 |a 1018-5941 
040 |a BD-DhAAL  |c BD-DhAAL 
100 1 |a Arena, Marco. 
245 1 0 |a Credit Booms and Macroeconomic Dynamics :   |b Stylized Facts and Lessons for Low-Income Countries /  |c Marco Arena, Serpil Bouza, Era Dabla-Norris, Kerstin Gerling. 
264 1 |a Washington, D.C. :  |b International Monetary Fund,  |c 2015. 
300 |a 1 online resource (47 pages) 
490 1 |a IMF Working Papers 
500 |a <strong>Off-Campus Access:</strong> No User ID or Password Required 
500 |a <strong>On-Campus Access:</strong> No User ID or Password Required 
506 |a Electronic access restricted to authorized BRAC University faculty, staff and students 
520 3 |a Using a comprehensive database on bank credit, covering 135 developing countries over the period 1960-2011, we identify, document, and compare the macro-economic dynamics of credit booms across low- and middle-income countries. The results suggest that while the duration and magnitude of credit booms is similar across country groups, macro-economic dynamics differ somewhat in low-income countries. We further find that surges in capital inflows are associated with credit booms. Moreover, credit booms associated with banking crises exhibit distinct macroeconomic dynamics, while also reflecting a potentially large deviation of credit from country fundamentals. These results suggest that low-income countries should remain mindful of the inter-linkages between financial liberalization, increased cross-border banking activities, and rapid credit growth. 
538 |a Mode of access: Internet 
700 1 |a Bouza, Serpil. 
700 1 |a Dabla-Norris, Era. 
700 1 |a Gerling, Kerstin. 
830 0 |a IMF Working Papers; Working Paper ;  |v No. 2015/011 
856 4 0 |z Full text available on IMF  |u http://elibrary.imf.org/view/journals/001/2015/011/001.2015.issue-011-en.xml  |z IMF e-Library